Seven Strong Acids Quiz - Statistics

General Stats
  • This quiz has been taken 4,129 times
  • The average score is 4 of 7
Answer Stats
Hint Answer % Correct
1 Hydrochloric acid
93%
7 Sulfuric acid
82%
6 Nitric acid
70%
2 Hydrobromic acid
48%
4 Hydroiodic acid
47%
5 Perchloric acid
34%
3 Chloric acid
31%
No matching quizzes found
Score Distribution
Percent of People with Each Score
Percentile by Number Answered
Your Score History
You have not taken this quiz